<?xml version="1.0" encoding="UTF-8"?><?xml-stylesheet type="text/xsl" href="static/style.xsl"?><OAI-PMH xmlns="http://www.openarchives.org/OAI/2.0/" xmlns:xsi="http://www.w3.org/2001/XMLSchema-instance" xsi:schemaLocation="http://www.openarchives.org/OAI/2.0/ http://www.openarchives.org/OAI/2.0/OAI-PMH.xsd"><responseDate>2026-06-06T02:14:43Z</responseDate><request verb="GetRecord" identifier="oai:riuma.uma.es:10630/25236" metadataPrefix="marc">https://riuma.uma.es/rest/oai/request</request><GetRecord><record><header><identifier>oai:riuma.uma.es:10630/25236</identifier><datestamp>2026-02-03T12:02:56Z</datestamp><setSpec>com_10630_2254</setSpec><setSpec>col_10630_37959</setSpec></header><metadata><record xmlns="http://www.loc.gov/MARC21/slim" xmlns:dcterms="http://purl.org/dc/terms/" xmlns:doc="http://www.lyncode.com/xoai" xmlns:xsi="http://www.w3.org/2001/XMLSchema-instance" xsi:schemaLocation="http://www.loc.gov/MARC21/slim http://www.loc.gov/standards/marcxml/schema/MARC21slim.xsd">
   <leader>00925njm 22002777a 4500</leader>
   <datafield ind2=" " ind1=" " tag="042">
      <subfield code="a">dc</subfield>
   </datafield>
   <datafield ind2=" " ind1=" " tag="720">
      <subfield code="a">Moreno-Albarracín, Belén</subfield>
      <subfield code="e">author</subfield>
   </datafield>
   <datafield ind2=" " ind1=" " tag="260">
      <subfield code="c">2022</subfield>
   </datafield>
   <datafield ind2=" " ind1=" " tag="520">
      <subfield code="a">Netflix trata de atraer al público con acciones promocionales que trascienden la publicidad convencional. La compañía opta por el branded content, mediante acciones basadas en su propio catálogo. Esta investigación parte del objetivo de examinar cómo Netflix se promociona mediante un formato antes no empleado, el talk show La Tarotista, producido para YouTube. Tras un análisis de contenido, se observa una tendencia a la transmisión identitaria mediante el código estético-visual, enfocando el discurso en las historias de vida del reparto invitado. Así, Netflix humaniza su catálogo, otorgando tanta relevancia a la ficción como al contexto en el que se desarrolla.</subfield>
   </datafield>
   <datafield ind1="8" ind2=" " tag="024">
      <subfield code="a">https://hdl.handle.net/10630/25236</subfield>
   </datafield>
   <datafield tag="653" ind2=" " ind1=" ">
      <subfield code="a">Lenguaje publicitario</subfield>
   </datafield>
   <datafield ind2="0" ind1="0" tag="245">
      <subfield code="a">Plataformas VOD: formatos y canales de promoción. Netflix como creador de branded content digital</subfield>
   </datafield>
</record>
</metadata></record></GetRecord></OAI-PMH>